000 00455cam a2200193ua 4500
001 5557
008 131004n ii |||gr||||Z||||||eng
020 _a81-89011-58-3
040 _cMAIN
082 _a307.7
245 1 1 _aRural Sociology
_cby Dilip Shah
250 _a1st ed.
260 _aJaipur:
_bABD Publishers,
_c2005.
300 _avii,255p.
653 _aSociology
653 _aRural Sociology
700 1 _aShah,Dilip.,
_eAuthor.,
942 _cBK
999 _c4722
_d4722